00629nam a2200205Ia 4500008004100000020001800041050001400059100001800073245003500091245005200126260001500178260001600193260000900209300001400218300002500232300001000257440003400267999001900301952010300320180207s9999 xx 000 0 und d a9780439784689 bB218 2005 aBanks, Steven aSpongebob goes to the doctor / cby Steven Banks ; illustrated by Zina Saunders. aNew York : bScholastic, c2005 aunpaged : bcolor illustration ; c20cm. aNick : spongebob squarepants. c355652d355652 001040aSSISMbSSISMd2018-02-07l0oER B218 2005pSSISM5197r2018-02-07 00:00:00w2018-02-07yBK